| 000 | 00959nam a22001817a 4500 | ||
|---|---|---|---|
| 005 | 20241009142651.0 | ||
| 008 | 241009b ||||| |||| 00| 0 eng d | ||
| 040 | _cSSBUL | ||
| 041 | _aMyanmar | ||
| 082 |
_223 _a၂၉၄.၃၃၆၈ ပြည့် _b၁၃၁၅၂ S-SAT |
||
| 100 | 0 |
_aပြည့်စုံထွန်း။ _954969 |
|
| 245 | 1 |
_aရွှေပေါ်ကျွန်းဆရာတော် ဘုရားကြီးသာသနာပြုစခန်းနှင့် စေတော်ဝင်ခရီးသည် / _cပြည့်စုံထွန်း။ |
|
| 260 |
_aရန်ကုန် ၊ _bဓမ္မသံတော်ဆင့်စာပေ၊ _c၂၀၁၃။ |
||
| 300 |
_a၂၁၅ စာမျက်နှာ ၊ _bပုံများ ၊ _c၂၁ စင်တီ။ |
||
| 500 | _aS-SAT: Dr. Sai Aung Tun | ||
| 650 |
_aဗုဒ္ဓဘာသာ _xဆောင်းပါး |
||
| 942 |
_2ddc _cBK1 |
||
| 999 |
_c40958 _d40958 |
||